000 00979nam a22003377a 4500
001 801172
003 OSt
005 20210420080834.0
008 751104s1976 nyu 001 0 eng
010 _a 75038645
020 _a081281925X
040 _aeng
_cDLC
_deng
_beng
041 _aeng
050 0 0 _aPN6175
_b.M78 1976
080 _a94
_bM-93
082 0 0 _a828/.02
100 1 _aMuir, Frank,
_d1920-1998.
240 1 0 _aFrank Muir book
245 1 3 _aAn irreverent and thoroughly incomplete social history of almost everything /
_cFrank Muir.
260 _aNew York :
_bStein and Day,
_c1976.
300 _axx, 372 p. ;
_c24 cm.
365 _b10 usd
500 _aIncludes indexes.
650 0 _aEnglish wit and humor.
650 0 _aHistory
_9252
650 0 _aQuotations, English.
653 _aისტორია
653 _aინგლისური ციტატები
906 _a7
_bcbc
_corignew
_d1
_eocip
_f19
_gy-gencatlg
942 _2udc
_cBK
999 _c572
_d572